000 01676nam a2200337 i 4500
003 DO-SdBNP
005 20240618095444.0
006 a||||gr|||| 00| 0
007 ta
008 240614e2023 dr aoc|| ||||o00| 0 spa d
020 _a9789945623055
040 _aDO-SdBNP
_bspa
_cBNPHU
_erda
082 4 _222
_bG216g 2023
100 1 _aGarcía Gómez, Martha Victoria
_eautora
_985682
245 1 0 _aGuía de protocolo institucional y normas sociales /
_cMartha Victoria García Gómez, cuidado de la edición y corrección, Enrique Soldevilla Enríquez.
250 _aampliada
264 1 _aSanto Domingo :
_bINESDYC,
_c2023
300 _a222 páginas :
_bilustraciones, fotografías, retratos ;
_c27 cm.
336 _2rdacontent
_atexto
_btxt
337 _2rdamedia
_asin mediación
_bn
338 _2rdacarrier
_avolumen
_bnc
500 _aIncluye bibliografías y notas al pie de páginas.
504 _aBibliografía: páginas 219 - 220.
505 _aNotas preliminares.-- Introducción.
_tCapítulo I. Protocolo en la Oficina.--
_tCapítulo II. La Correspondencia.--
_tCapítulo III. Las Tarjetas.--
_tCapítulo IV. Protocolo en las Actividades Socioculturales.--
_tCapítulo V. Organización de Eventos--
_tCapítulo VI. Las Mesa, Centro de la Relación Social.--
_tCapítulo VII. Las Bebidas.--
_tBibliografía.--
_tAnexos.
590 _aInventariado 2024 / MF
650 4 _aEtiqueta Diplomática
_xGuía
_zRepública Dominicana
_911719
650 4 _aEtiqueta en la Mesa
_xGuía
_918976
700 1 _aSoldevilla Enríquez, Enrique,
_983038
_eeditor
710 1 _aInstituto de Educación Superior en Formación Diplomática y Consular (INESDYC)
_984530
942 _2ddc
_cLBS1
999 _c56863
_d56863